000 00799namaa2200289M 4500
001 96570
005 20230411090055.0
008 900725s1966 sp 000 0 spa d
035 _a(OCoLC)ocn432407017
040 _aBNM
_bspa
_cBNM
016 7 _abimoBNE19983195468
_2SpMaBN
017 _aB 35440-1966
035 _a(OCoLC)432407017
080 _a940.42(047)
080 _a943.155"1945"(047)
049 _aGRAL
100 1 _aKuby, Erich.
245 1 4 _aLos rusos en Berlín
_c[Versión de Antonio Tomás Todoli].
260 _aBarcelona
_bLuis de Caralt
_c[1966]
300 _a369 p., 3 h.
_blam.
_c21 cm.
490 0 _aLa Vida Vivida
650 7 _aBerlín, Batalla de, 1945.
_2embne
700 1 _aTomás Todoli, Antonio.
942 _2lcc
_cbk
994 _aC0
_bDRFGD
946 _aJP
999 _c112008
_d112008